| 000 | 00000nam##2200000za#4500 |
| 001 | 9.686203 |
| 003 | CaOODSP |
| 005 | 20210624230428 |
| 007 | cr ||||||||||| |
| 008 | 150407|2001||||xxc|||||o f|0| 0 eng|d |
| 020 | |a0-662-30740-2 |
| 040 | |aCaOODSP|beng |
| 043 | |an-cn--- |
| 086 | 1 |aE2-392/2001E-IN |
| 110 | 1 |aCanada.|bForeign Affairs and International Trade. |bCanadian Centre for Foreign Policy Development. |
| 245 | 10|aReport from the Roundtable (March 9, 2001, Ottawa) : |h[electronic resource]|bJudges and Peace Operations / |c[by] Marketa Geislerova. |
| 260 | |aOttawa - Ontario : |bForeign Affairs and International Trade. |c[2001]. |
| 300 | |a7p. |
| 590 | |a10-09-Supp|b2010-11-02 |
| 690 | 07|aJudges|2gcpds |
| 690 | 07|aNongovernmental organizations|2gcpds |
| 690 | 07|aPeacekeeping|2gcpds |
| 720 | 1 |aGeislerova, Marketa |
| 775 | 08|tRapport de la table ronde (9 mars 2001, Ottawa) : |w(CaOODSP)9.630731 |
| 776 | 0#|tReport from the roundtable: judges and peace operations |w(CaOODSP)9.648241 |
| 856 | 40|ahttp://publications.gc.ca|qPDF|s60 KB|uhttps://publications.gc.ca/collections/Collection/E2-392-2001E.pdf |
| 986 | |a1006.17E |